Văn hóa nghệ thuật

Zapisane w:
Opis bibliograficzny
Format: Książka
Język:Undetermined
Wydane: Hà Nội Cơ quan Ngôn luận của Bộ Văn hóa, Thể thao và Du lich 2020
Hasła przedmiotowe:
Etykiety: Dodaj etykietę
Nie ma etykietki, Dołącz pierwszą etykiete!
Thư viện lưu trữ: Trung tâm Học liệu Trường Đại học Cần Thơ
LEADER 00601nam a2200169Ia 4500
001 CTU_237828
008 210402s9999 xx 000 0 und d
082 |a 305 
082 |b V115 
245 0 |a Văn hóa nghệ thuật 
245 0 |c Cơ quan Ngôn luận của Bộ Văn hóa, Thể thao và Du lich 
260 |a Hà Nội 
260 |b Cơ quan Ngôn luận của Bộ Văn hóa, Thể thao và Du lich 
260 |c 2020 
650 |a Culture and arts,Văn hóa nghệ thuật 
904 |i T.Trang 
980 |a Trung tâm Học liệu Trường Đại học Cần Thơ